Дело по указу Правительствующего Сената о снятии опеки с имения помещицы Валевниковой, наложенной за жестокое её обращение с кре...

Доступно только в Электронных читальных залах Найти на картеНа карте
RUSMARC
00003730nmc2a22000003x 450
001ead06658-6a65-4e57-8a09-20aefb38b98a
00520180402120434.0
100##$a20160201l18411843k l0rusy0189 ca
1010#$arus
102##$aRU
2001#$aДело по указу Правительствующего Сената о снятии опеки с имения помещицы Валевниковой, наложенной за жестокое её обращение с крестьянами своими
$j23 декабря 1841 г. - 14 июня 1843 г.
251##$cДело
300##$aДело
801#0$aRU
$bРГИА
$c20160201
$gRCR
801#1$aRU
$bГлавНИВЦ
$c20160201
$2rusmarc
801#2$aRU
$bПБ им. Б.Н. Ельцина
$c20180402
$gRCR
$2rusmarc
850##$aРГИА
852##$aРГИА
$eФедеральное казенное учреждение "Российский государственный исторический архив" (РГИА)
$j281
937##$hРГИА
$d12186532
$aASBIBLIO_SCAN
462#0$1001d84ca311-0ff2-4bc1-993d-58ba7069b925
$12001
$a1841-1843 гг. Дела Департамента полиции исполнительной МВД за 1841 г.
$1251
$cОпись
$1852
$j8
461#0$10013e300ed0-cd39-49af-8489-5ba5b90fa401
$12001
$aДепартамент полиции исполнительной МВД
$1251
$cФонд
$1852
$j1286
215##$a13 л.
$d36,5х26 см
371##$aДокумент не является опубликованным и широко распространяемым
105##$ay###
1222#$ad
035##$aead06658-6a65-4e57-8a09-20aefb38b98a
856##$uhttp://readingroom.main.prlib.ru/item.aspx?id_node=n114347610&mode=full
Формат отображения